[Event "2ème Open International de Haute-Bretag"]
[Site "Rennes"]
[Date "2009.??.??"]
[Round "9.42"]
[White "Bacon, Bruno"]
[Black "Glory, Alain"]
[Result "1/2-1/2"]
[WhiteElo "1742"]
[BlackElo "1430"]
[PlyCount "92"]
[EventDate "2009.08.21"]
[EventType "swiss"]
[EventRounds "9"]
[EventCountry "FRA"]

1. c4 e5 2. g3 Nf6 3. Bg2 d6 4. d3 Be7 5. Nc3 c6 6. e4 O-O 7. Nge2 Be6 8. h3 d5
9. cxd5 cxd5 10. exd5 Nxd5 11. O-O Qd7 12. Kh2 Nc6 13. Ne4 Ndb4 14. Ng5 Bxg5
15. Bxg5 Qxd3 16. Bxc6 Qxd1 17. Rfxd1 Nxc6 18. Nc3 h6 19. Be3 Rfd8 20. Re1 Nb4
21. Rad1 Nc2 22. Rxd8+ Rxd8 23. Re2 Nxe3 24. fxe3 Bc4 25. Rc2 Rd7 26. a3 g5 27.
Ne4 Bd3 28. Nf6+ Kg7 29. Nxd7 Bxc2 30. Nxe5 f5 31. Nf3 Be4 32. Nd4 Kf6 33. Kg1
Ke5 34. Kf2 f4 35. gxf4+ gxf4 36. Nb5 a6 37. exf4+ Kxf4 38. Nd4 Bd5 39. Ne2+
Kg5 40. Kg3 Kf5 41. Nc3 Bb3 42. Ne2 Bd1 43. Nf4 Bb3 44. Ne2 Bd1 45. Nd4+ Ke5
46. Nf3+ Kf5 1/2-1/2

[Event "2ème Open International de Haute-Bretag"]
[Site "Rennes"]
[Date "2009.??.??"]
[Round "6.22"]
[White "Le Gallo, Frederic"]
[Black "Heyman, Jacques"]
[Result "1-0"]
[WhiteElo "2041"]
[BlackElo "1855"]
[PlyCount "67"]
[EventDate "2009.08.21"]
[EventType "swiss"]
[EventRounds "9"]
[EventCountry "FRA"]

1. e4 c6 2. Nc3 d5 3. Nf3 dxe4 4. Nxe4 Nf6 5. Ng3 Bg4 6. Bc4 e6 7. O-O Qc7 8.
h3 Bxf3 9. Qxf3 Nbd7 10. d4 O-O-O 11. c3 Bd6 12. b4 Nb6 13. Bb3 h5 14. a4 Nbd7
15. Bd2 Rdg8 16. c4 g5 17. d5 g4 18. hxg4 hxg4 19. Qe3 Nh5 20. c5 Nxg3 21. fxg3
Bxg3 22. d6 Bh2+ 23. Kf2 Qd8 24. Ke2 Be5 25. Rae1 Rh7 26. b5 Qh4 27. bxc6 bxc6
28. Qe4 Nb8 29. Qxe5 Rh5 30. Bxe6+ Nd7 31. Bxd7+ Kxd7 32. Rxf7+ Kc8 33. Qe6+
Kb8 34. Qb3+ 1-0

[Event "2ème Open International de Haute-Bretag"]
[Site "Rennes"]
[Date "2009.??.??"]
[Round "6.23"]
[White "Tounsi, Tewfik"]
[Black "Mocquard, Yves"]
[Result "0-1"]
[WhiteElo "1690"]
[BlackElo "2030"]
[PlyCount "84"]
[EventDate "2009.08.21"]
[EventType "swiss"]
[EventRounds "9"]
[EventCountry "FRA"]

1. d4 Nf6 2. c4 c5 3. Nc3 cxd4 4. Qxd4 Nc6 5. Qd1 g6 6. e4 Bg7 7. Nf3 O-O 8.
Be2 b6 9. a3 Bb7 10. h3 d6 11. Bg5 Rc8 12. Rc1 Na5 13. Bxf6 Bxf6 14. b3 Bxc3+
15. Rxc3 Bxe4 16. O-O b5 17. Nd4 bxc4 18. bxc4 Rc5 19. Qa4 d5 20. Nb3 Nxb3 21.
Qxb3 d4 22. Rd1 e5 23. Qb4 Qc7 24. Rcc1 Bd5 25. f3 Be6 26. Bd3 Rb8 27. Qa4 Ra5
28. Qc2 Rxa3 29. Rb1 Rxb1 30. Rxb1 Rc3 31. Qe2 Bxc4 32. Bxc4 Rxc4 33. Re1 Rc1
34. Kf2 Rxe1 35. Qxe1 Qc2+ 36. Kg3 Qf5 37. Qa5 Qf4+ 38. Kf2 Qe3+ 39. Kf1 d3 40.
Qe1 Qxe1+ 41. Kxe1 f5 42. Kd2 e4 0-1

[Event "2ème Open International de Haute-Bretag"]
[Site "Rennes"]
[Date "2009.??.??"]
[Round "6.25"]
[White "Le Meur, Jean Pierre"]
[Black "Loizil, Joel"]
[Result "1-0"]
[WhiteElo "1942"]
[BlackElo "1814"]
[PlyCount "93"]
[EventDate "2009.08.21"]
[EventType "swiss"]
[EventRounds "9"]
[EventCountry "FRA"]

1. e4 e5 2. Nf3 Nc6 3. d4 exd4 4. Bc4 Be7 5. c3 d3 6. Qb3 Na5 7. Bxf7+ Kf8 8.
Qb5 c6 9. Qf5 d6 10. Be6+ Nf6 11. Bxc8 Rxc8 12. Nbd2 c5 13. O-O Qd7 14. Qf4 Kg8
15. e5 Nh5 16. Qe4 dxe5 17. Nxe5 Qe6 18. Re1 Nf6 19. Qxd3 Nc6 20. Ndf3 Rd8 21.
Qf1 Nxe5 22. Rxe5 Qd7 23. Qc4+ Nd5 24. Bg5 b5 25. Qe2 Bf6 26. Bxf6 gxf6 27. Re4
Kf7 28. c4 bxc4 29. Qxc4 Rhe8 30. Rh4 Kg7 31. Qxc5 Nf4 32. Qc2 Ng6 33. Rc4 Qb5
34. h3 Re7 35. Rc1 Rb8 36. b3 Ne5 37. Nxe5 Qxe5 38. Rc7 Rbe8 39. Rxe7+ Rxe7 40.
Qc8 Qb2 41. Rc2 Re1+ 42. Kh2 Qe5+ 43. g3 Qe4 44. Qg4+ Qxg4 45. hxg4 Re7 46. Kg2
Kf7 47. f4 1-0

[Event "2ème Open International de Haute-Bretag"]
[Site "Rennes"]
[Date "2009.??.??"]
[Round "6.27"]
[White "Ferrandi, Bernard"]
[Black "Ruhlmann, Helene"]
[Result "1/2-1/2"]
[WhiteElo "1912"]
[BlackElo "1720"]
[PlyCount "75"]
[EventDate "2009.08.21"]
[EventType "swiss"]
[EventRounds "9"]
[EventCountry "FRA"]

1. e4 d5 2. exd5 Nf6 3. d4 Nxd5 4. c4 Nb6 5. Nc3 Nc6 6. Be3 g6 7. h3 Bg7 8. Nf3
O-O 9. Qd2 Re8 10. Be2 Bf5 11. O-O Qd7 12. g4 Bxg4 13. hxg4 Qxg4+ 14. Kh1 Rad8
15. Rg1 Qh3+ 16. Nh2 Nxd4 17. Rg3 Qe6 18. Bxd4 Bxd4 19. Qh6 Bxc3 20. bxc3 Qxe2
21. Rh3 e5 22. Qxh7+ Kf8 23. Rf3 Qxc4 24. Re1 Nd7 25. Ng4 Ke7 26. Nxe5 Nxe5 27.
Rxe5+ Kd7 28. Qh3+ f5 29. Rxe8 Rxe8 30. Rd3+ Kc8 31. Rd4 Qxa2 32. Qh7 Qa1+ 33.
Kg2 Rd8 34. Rxd8+ Kxd8 35. Qg8+ Kd7 36. Qf7+ Kc6 37. Qf6+ Kd7 38. Qf7+ 1/2-1/2

[Event "2ème Open International de Haute-Bretag"]
[Site "Rennes"]
[Date "2009.??.??"]
[Round "6.38"]
[White "Madeline, Paul"]
[Black "Sinnas, Albert"]
[Result "0-1"]
[WhiteElo "1579"]
[BlackElo "1836"]
[PlyCount "108"]
[EventDate "2009.08.21"]
[EventType "swiss"]
[EventRounds "9"]
[EventCountry "FRA"]

1. e4 c5 2. Nc3 Nc6 3. g3 g6 4. Bg2 Bg7 5. d3 e6 6. Be3 Nd4 7. f4 Ne7 8. Nf3
O-O 9. O-O a6 10. Na4 Qc7 11. c3 Nxf3+ 12. Bxf3 d6 13. e5 dxe5 14. Bxc5 exf4
15. Bb6 Qb8 16. Bc5 Re8 17. Nb6 fxg3 18. Nxa8 gxh2+ 19. Kh1 Qxa8 20. Qa4 Nc6
21. d4 b5 22. Qc2 Bb7 23. Qf2 Ne7 24. Bxb7 Qxb7+ 25. Kxh2 Nf5 26. a4 Qc7+ 27.
Kg1 Bh6 28. Rfe1 Qd8 29. axb5 Be3 30. Rxe3 Qg5+ 31. Qg2 Qxe3+ 32. Qf2 axb5 33.
Qxe3 Nxe3 34. Ra5 Rb8 35. Bd6 Rb7 36. Bf4 Nf5 37. Be5 Kf8 38. Bf6 Ke8 39. Ra8+
Kd7 40. Rf8 Kc6 41. Rc8+ Kd5 42. Kf2 Ke4 43. Ke2 h5 44. Bg5 b4 45. Rc5 Ng3+ 46.
Kf2 bxc3 47. bxc3 Nf5 48. Ke2 Rb2+ 49. Bd2 f6 50. Rc6 Ng3+ 51. Kd1 Kd3 52. Rxe6
Rxd2+ 53. Kc1 Ne2+ 54. Kb1 Nxc3+ 0-1

[Event "2ème Open International de Haute-Bretag"]
[Site "Rennes"]
[Date "2009.??.??"]
[Round "6.28"]
[White "Roussel, Yannis"]
[Black "Rachid, Danial"]
[Result "0-1"]
[WhiteElo "1586"]
[BlackElo "1910"]
[PlyCount "44"]
[EventDate "2009.08.21"]
[EventType "swiss"]
[EventRounds "9"]
[EventCountry "FRA"]

1. e4 e6 2. d4 d5 3. e5 c5 4. c3 Nc6 5. Nf3 cxd4 6. cxd4 Nge7 7. Nc3 Nf5 8. Bb5
Bd7 9. O-O Be7 10. Be3 O-O 11. Rc1 Qb6 12. Qd2 Nxe3 13. fxe3 Nxe5 14. Nxd5 exd5
15. Bxd7 Nxd7 16. Qf2 Nf6 17. Ne5 Bd6 18. Nd3 Bxh2+ 19. Kh1 Bc7 20. Qh4 Ne4 21.
Rf3 Qd6 22. Ne5 f6 0-1

[Event "2ème Open International de Haute-Bretag"]
[Site "Rennes"]
[Date "2009.??.??"]
[Round "6.40"]
[White "Corentin, Louis"]
[Black "Pavlovic, Zarko"]
[Result "1-0"]
[WhiteElo "1737"]
[BlackElo "1790"]
[PlyCount "101"]
[EventDate "2009.08.21"]
[EventType "swiss"]
[EventRounds "9"]
[EventCountry "FRA"]

1. e4 e5 2. Nf3 d6 3. d4 exd4 4. Nxd4 Nc6 5. c3 Nf6 6. Bb5 Bd7 7. Qa4 Ne5 8.
O-O c6 9. Be2 Be7 10. Qd1 O-O 11. f4 Ng6 12. Qc2 Qc8 13. h3 c5 14. Nf3 Nh5 15.
f5 Ngf4 16. Bxf4 Nxf4 17. c4 Nh5 18. Nc3 Nf6 19. Rfd1 Bc6 20. Rd2 Rd8 21. Rad1
Qc7 22. Ne1 b6 23. Bf3 Qb7 24. h4 Nd7 25. Nb5 Ne5 26. Nxd6 Qc7 27. Nb5 Nxf3+
28. Nxf3 Bxb5 29. cxb5 Qf4 30. Rxd8+ Bxd8 31. Qd2 Qc7 32. Qd7 Qxd7 33. Rxd7 f6
34. Kf2 a5 35. bxa6 Rxa6 36. Rxd8+ Kf7 37. a3 Ke7 38. Rg8 Kd6 39. Rxg7 Kc6 40.
Rxh7 Kb5 41. Nd2 c4 42. Rc7 Ra4 43. h5 c3 44. Rxc3 Rd4 45. Ke3 Rd7 46. g4 Ka4
47. Nc4 b5 48. Nb6+ Ka5 49. Nxd7 b4 50. axb4+ Kxb4 51. h6 1-0

[Event "2ème Open International de Haute-Bretag"]
[Site "Rennes"]
[Date "2009.??.??"]
[Round "6.39"]
[White "Le Goff, Thierry"]
[Black "Josse, Mathilde"]
[Result "0-1"]
[WhiteElo "1798"]
[BlackElo "1688"]
[PlyCount "76"]
[EventDate "2009.08.21"]
[EventType "swiss"]
[EventRounds "9"]
[EventCountry "FRA"]

1. e4 g6 2. d4 Bg7 3. Be3 d6 4. Nf3 a6 5. Nc3 Nf6 6. Be2 O-O 7. O-O Nbd7 8. Qd2
Ng4 9. Bf4 e5 10. dxe5 Ngxe5 11. Nxe5 dxe5 12. Bh6 Nc5 13. Qxd8 Rxd8 14. Be3
Ne6 15. Rfd1 Nd4 16. Bd3 Be6 17. a3 c5 18. Bxd4 exd4 19. Nb1 c4 20. Bf1 b5 21.
Nd2 f5 22. Re1 c3 23. bxc3 dxc3 24. Nf3 fxe4 25. Ng5 Re8 26. Nxe4 Bf5 27. Bd3
Rad8 28. f3 Bxe4 29. fxe4 Bd4+ 30. Kh1 Bc5 31. Rf1 Kg7 32. Rf3 Rd4 33. h4 Ra4
34. Raf1 Rxa3 35. Rf7+ Kg8 36. h5 Re7 37. hxg6 hxg6 38. R7f6 Rh7# 0-1

[Event "2ème Open International de Haute-Bretag"]
[Site "Rennes"]
[Date "2009.??.??"]
[Round "7.30"]
[White "Josse, Mathilde"]
[Black "Jouneau, Quentin"]
[Result "0-1"]
[WhiteElo "1688"]
[BlackElo "2007"]
[PlyCount "96"]
[EventDate "2009.08.21"]
[EventType "swiss"]
[EventRounds "9"]
[EventCountry "FRA"]

1. e4 c5 2. Nc3 Nc6 3. f4 g6 4. Nf3 Bg7 5. Be2 e6 6. d3 Nge7 7. O-O O-O 8. Qe1
d5 9. Kh1 a6 10. g4 b5 11. Bd1 Bb7 12. Nh4 b4 13. Ne2 dxe4 14. dxe4 f5 15. Ng3
Nc8 16. Ng2 fxe4 17. Nxe4 Qd5 18. Bf3 Qc4 19. Qf2 Nd4 20. Nf6+ Bxf6 21. Bxb7
Rb8 22. Be4 Nd6 23. b3 Nxe4 24. bxc4 Nxf2+ 25. Rxf2 Nxc2 26. Rb1 Rbd8 27. Bd2
Na3 28. Rc1 Bb2 29. Re1 Nxc4 30. Bc1 Bxc1 31. Rxc1 Na3 32. Ne3 c4 33. Kg2 c3
34. Nc2 Nxc2 35. Rcxc2 Rd4 36. Kg3 Rfd8 37. Kf3 Rd3+ 38. Kg2 Rd2 39. Kf1 Rd1+
40. Ke2 R8d2+ 41. Ke3 Re1+ 42. Kf3 Rxf2+ 43. Kxf2 Rb1 44. Ke3 Rb2 45. Kd3 Rxc2
46. Kxc2 e5 47. fxe5 Kf7 48. a3 a5 0-1

[Event "2ème Open International de Haute-Bretag"]
[Site "Rennes"]
[Date "2009.??.??"]
[Round "7.44"]
[White "Bacon, Bruno"]
[Black "Le Goff, Thierry"]
[Result "1/2-1/2"]
[WhiteElo "1742"]
[BlackElo "1798"]
[PlyCount "95"]
[EventDate "2009.08.21"]
[EventType "swiss"]
[EventRounds "9"]
[EventCountry "FRA"]

1. c4 e5 2. g3 g6 3. Bg2 Bg7 4. d3 Nf6 5. e4 Nc6 6. Ne2 O-O 7. O-O d6 8. h3 Be6
9. Kh2 Re8 10. Nbc3 Nd7 11. Be3 h6 12. Qd2 Kh7 13. f4 exf4 14. Nxf4 Nd4 15.
Nxe6 fxe6 16. Rf2 Qe7 17. Raf1 Rf8 18. Ne2 Rxf2 19. Rxf2 Nxe2 20. Qxe2 c5 21.
a3 Rb8 22. b4 b6 23. h4 Rf8 24. Rxf8 Nxf8 25. b5 Nd7 26. Bh3 Nf8 27. a4 Be5 28.
Qd2 Qxh4 29. Qf2 Qe7 30. Qe1 Qf6 31. Bd2 Bd4 32. a5 Nd7 33. a6 Ne5 34. Qe2 Nf3+
35. Kg2 Nxd2 36. Qxd2 g5 37. Bg4 e5 38. Bf5+ Kg7 39. Qe2 Kf7 40. Qg4 Kg7 41.
Qh5 Kf8 42. Qg4 Be3 43. Kf3 Bc1 44. Ke2 Bb2 45. Kd1 Bd4 46. Ke2 Bb2 47. Kd1 Bd4
48. Ke2 1/2-1/2

[Event "2ème Open International de Haute-Bretag"]
[Site "Rennes"]
[Date "2009.??.??"]
[Round "6.30"]
[White "Vandomel, Fabrice"]
[Black "Mercier, Franck"]
[Result "1-0"]
[WhiteElo "1895"]
[BlackElo "1623"]
[PlyCount "122"]
[EventDate "2009.08.21"]
[EventType "swiss"]
[EventRounds "9"]
[EventCountry "FRA"]

1. b3 c5 2. Bb2 Nc6 3. e3 Nf6 4. Nf3 a6 5. c4 e6 6. d4 cxd4 7. Nxd4 Bb4+ 8. Nc3
Ne4 9. Nde2 Qf6 10. Qc2 Qxf2+ 11. Kd1 Nxc3+ 12. Bxc3 Bxc3 13. Qxc3 O-O 14. Nf4
Qh4 15. Rc1 Rd8 16. g3 Qe7 17. e4 e5 18. Nd5 Qc5 19. Bd3 Nd4 20. Rf1 a5 21. Be2
Rf8 22. Bg4 b6 23. Qe3 Ra7 24. Qg5 Qd6 25. Rf6 Ne6 26. Qd2 Kh8 27. Rf2 f6 28.
Ke1 Qc5 29. Kf1 d6 30. h4 Qd4 31. Bxe6 Qxd2 32. Rxd2 Bxe6 33. Nxb6 Ra6 34. Rxd6
Bh3+ 35. Ke2 h5 36. c5 Rb8 37. Rc3 f5 38. exf5 Bxf5 39. Rd5 Rb7 40. Rxe5 Bg4+
41. Kd2 Rf7 42. Kd3 Raa7 43. Kd4 Rab7 44. Rce3 Rf6 45. Re8+ Kh7 46. R3e7 Rbxb6
47. cxb6 Rxb6 48. Ra7 Rd6+ 49. Ke4 a4 50. Rxa4 Bd7 51. Raa8 Bc6+ 52. Ke3 Bxe8
53. Rxe8 Ra6 54. Re5 Rxa2 55. Rxh5+ Kg6 56. Rg5+ Kf6 57. Kd4 Ra8 58. b4 Rc8 59.
b5 Rb8 60. Kc5 Rc8+ 61. Kb6 Rc1 1-0

[Event "2ème Open International de Haute-Bretag"]
[Site "Rennes"]
[Date "2009.??.??"]
[Round "6.29"]
[White "Belouassa, Aurelien"]
[Black "Quellec, Yannick"]
[Result "0-1"]
[WhiteElo "1550"]
[BlackElo "1900"]
[PlyCount "86"]
[EventDate "2009.08.21"]
[EventType "swiss"]
[EventRounds "9"]
[EventCountry "FRA"]

1. e4 e6 2. d4 d5 3. Nc3 Bb4 4. Nge2 dxe4 5. g3 c5 6. dxc5 Qxd1+ 7. Kxd1 Bxc5
8. Nxe4 Be7 9. Bg2 Nc6 10. Bf4 e5 11. Be3 Bf5 12. Ke1 O-O-O 13. Rd1 Nf6 14.
Nxf6 Bxf6 15. Bxc6 bxc6 16. c3 Kb7 17. Nc1 a5 18. Ke2 e4 19. Rd2 Bg4+ 20. Ke1
a4 21. h3 Bf3 22. Rg1 a3 23. Bd4 Bg5 24. Be3 Bxe3 25. fxe3 Rxd2 26. Kxd2 axb2
27. Nb3 Ra8 28. Rb1 Rxa2 29. Kc2 Kc7 30. Rxb2 Bd1+ 31. Kc1 Rxb2 32. Kxb2 Bxb3
33. Kxb3 Kd6 34. Kc2 f5 35. Kd2 Kd5 36. h4 g6 37. Ke2 Kc4 38. Kd2 Kb3 39. c4
Kxc4 40. Kc2 h6 41. Kd2 Kb3 42. Ke2 Kb2 43. Kd2 c5 0-1

[Event "2ème Open International de Haute-Bretag"]
[Site "Rennes"]
[Date "2009.??.??"]
[Round "6.32"]
[White "Grego, Pierre"]
[Black "Panaget, Bruno"]
[Result "1-0"]
[WhiteElo "1870"]
[BlackElo "1499"]
[PlyCount "65"]
[EventDate "2009.08.21"]
[EventType "swiss"]
[EventRounds "9"]
[EventCountry "FRA"]

1. e4 d6 2. d4 Nf6 3. Nc3 g6 4. Nf3 Bg7 5. Be2 O-O 6. O-O e5 7. d5 Nbd7 8. Ne1
Ne8 9. Be3 f5 10. f3 f4 11. Bf2 g5 12. Nd3 Rf6 13. Na4 Rh6 14. c4 Qe7 15. c5
dxc5 16. Naxc5 Qf7 17. g4 fxg3 18. Bxg3 Nxc5 19. Nxc5 Bh3 20. Re1 Nd6 21. Bf1
Qh5 22. Bxh3 Qxh3 23. Ne6 Rg6 24. Rc1 g4 25. fxg4 Rxg4 26. Qf3 Bh6 27. Rc2 Bf4
28. Rg2 Kh8 29. Qxg4 Qxg4 30. Bxf4 Qh5 31. Rg5 Rg8 32. Bxe5+ Rg7 33. Bxg7+ 1-0

[Event "2ème Open International de Haute-Bretag"]
[Site "Rennes"]
[Date "2009.??.??"]
[Round "6.31"]
[White "Purenne, Benoit"]
[Black "Deceneux, Christophe"]
[Result "1-0"]
[WhiteElo "1885"]
[BlackElo "1499"]
[PlyCount "55"]
[EventDate "2009.08.21"]
[EventType "swiss"]
[EventRounds "9"]
[EventCountry "FRA"]

1. e4 d5 2. exd5 Nf6 3. Nf3 Nxd5 4. d3 Nc6 5. Nbd2 g6 6. Nb3 Bg7 7. c3 e5 8.
Be2 O-O 9. O-O b6 10. Qc2 Bb7 11. Rd1 f5 12. a3 Kh8 13. d4 e4 14. Ng5 Qd7 15.
c4 Nde7 16. d5 Nd8 17. Nh3 Nc8 18. Be3 Nd6 19. c5 bxc5 20. Nxc5 Qe7 21. Nf4 Rf7
22. Nfe6 f4 23. Nxf4 Be5 24. Nfe6 Nxe6 25. dxe6 Rf5 26. Nxb7 Nxb7 27. Qxe4 Qxe6
28. Qxb7 1-0

[Event "2ème Open International de Haute-Bretag"]
[Site "Rennes"]
[Date "2009.??.??"]
[Round "6.34"]
[White "Pecot, Matthias"]
[Black "Collet, Davy"]
[Result "0-1"]
[WhiteElo "1930"]
[BlackElo "1819"]
[PlyCount "100"]
[EventDate "2009.08.21"]
[EventType "swiss"]
[EventRounds "9"]
[EventCountry "FRA"]

1. e4 c5 2. Nf3 Nc6 3. d4 cxd4 4. Nxd4 Nf6 5. Nc3 e5 6. Ndb5 d6 7. Bg5 a6 8.
Na3 b5 9. Nd5 Be7 10. Bxf6 Bxf6 11. Bd3 Be6 12. c3 O-O 13. Nc2 Bg5 14. Qh5 g6
15. Qe2 Bxd5 16. exd5 Ne7 17. g3 Re8 18. Ne3 f5 19. h4 Bxe3 20. fxe3 e4 21. Bc2
Kg7 22. O-O-O Ng8 23. g4 fxg4 24. Qxg4 Nf6 25. Qg2 Re5 26. Bb3 a5 27. Rdg1 b4
28. c4 Qc7 29. Kb1 a4 30. Bd1 Qxc4 31. h5 g5 32. h6+ Kh8 33. Be2 Qxd5 34. Qf2
Qe6 35. Rc1 Qe7 36. Rhf1 Ng8 37. Rc6 Rc5 38. Rb6 Qc7 39. Rxb4 Rc8 40. a3 d5 41.
Ba6 Rb8 42. Rxb8 Qxb8 43. Qf7 Qc7 44. Qh5 Qg3 45. Rf7 Qe1+ 46. Ka2 Rc1 47.
Rxh7+ Kxh7 48. Qf7+ Kxh6 49. Qe6+ Kh5 50. Qh3+ Kg6 0-1

[Event "2ème Open International de Haute-Bretag"]
[Site "Rennes"]
[Date "2009.??.??"]
[Round "6.33"]
[White "Mercier, Jean Loup"]
[Black "Guisset, Philippe"]
[Result "1-0"]
[WhiteElo "1875"]
[BlackElo "1985"]
[PlyCount "97"]
[EventDate "2009.08.21"]
[EventType "swiss"]
[EventRounds "9"]
[EventCountry "FRA"]

1. e4 d6 2. d4 g6 3. Nf3 Bg7 4. Nc3 Nf6 5. Be2 O-O 6. O-O Nc6 7. h3 a6 8. a4 h6
9. Be3 Kh7 10. Qd2 d5 11. e5 Ne4 12. Nxe4 dxe4 13. Nh2 f5 14. c3 Na5 15. Rad1
Qd5 16. Qc2 Be6 17. f3 Qb3 18. Qc1 Bc4 19. Rde1 Qxa4 20. fxe4 fxe4 21. b4 Qa2
22. Bxc4 Nxc4 23. Ng4 b6 24. Bxh6 e3 25. Bxg7 Kxg7 26. Nxe3 Rxf1+ 27. Rxf1 a5
28. Ng4 Qd2 29. Qxd2 Nxd2 30. Ra1 a4 31. Ne3 a3 32. Ra2 e6 33. Rxd2 a2 34. Nc2
a1=Q+ 35. Nxa1 Rxa1+ 36. Kf2 Rc1 37. Rd3 Rc2+ 38. Kf3 b5 39. g3 c6 40. Kg4 Rc1
41. Kg5 Rc2 42. Rf3 Rg2 43. h4 Rg1 44. g4 Rg2 45. Rf6 Rg3 46. Rxg6+ Kf7 47. h5
Rxc3 48. h6 Rh3 49. Rf6+ 1-0

[Event "2ème Open International de Haute-Bretag"]
[Site "Rennes"]
[Date "2009.??.??"]
[Round "6.35"]
[White "Crahan, Alan"]
[Black "Pascot, Jean"]
[Result "1-0"]
[WhiteElo "1867"]
[BlackElo "1914"]
[PlyCount "65"]
[EventDate "2009.08.21"]
[EventType "swiss"]
[EventRounds "9"]
[EventCountry "FRA"]

1. Nf3 Nf6 2. c4 g6 3. Nc3 Bg7 4. g3 O-O 5. Bg2 d6 6. O-O c6 7. d4 Nbd7 8. e4
Qc7 9. Re1 e5 10. d5 c5 11. a4 a6 12. Nh4 Re8 13. f4 h6 14. f5 Nf8 15. g4 g5
16. Nf3 Nxg4 17. Nxg5 Nf6 18. Nf3 Bd7 19. a5 Reb8 20. Kh1 b5 21. Rg1 b4 22. Bf1
Kh8 23. Qe2 N8h7 24. Na4 Qxa5 25. Nh4 Rg8 26. Bh3 Bxa4 27. b3 Qd8 28. Rxa4 Ra7
29. Rg6 Nxd5 30. f6 Bxf6 31. Rxh6 Bxh4 32. Rxh7+ Kxh7 33. Qh5+ 1-0

[Event "2ème Open International de Haute-Bretag"]
[Site "Rennes"]
[Date "2009.??.??"]
[Round "6.36"]
[White "Spoone, John Paul"]
[Black "Arnaud, Jean Paul"]
[Result "0-1"]
[WhiteElo "1770"]
[BlackElo "1884"]
[PlyCount "138"]
[EventDate "2009.08.21"]
[EventType "swiss"]
[EventRounds "9"]
[EventCountry "FRA"]

1. Nf3 c5 2. g3 g6 3. Bg2 Bg7 4. O-O Nf6 5. d3 O-O 6. e4 d6 7. c3 Nc6 8. h3 Rb8
9. a4 Bd7 10. Nbd2 Qc8 11. h4 Bg4 12. Qe1 b5 13. axb5 Rxb5 14. Nh2 Bd7 15. Nc4
Ne8 16. Be3 Nc7 17. Qe2 h5 18. Bf4 Rb8 19. Qd2 Kh7 20. Rae1 Bh3 21. Qe2 Bxg2
22. Kxg2 Qd7 23. Bc1 Rbd8 24. Ne3 d5 25. f3 d4 26. g4 dxe3 27. Bxe3 Qxd3 28.
Bxc5 Ne6 29. Be3 Qxe2+ 30. Rxe2 Rd7 31. Ra1 Rfd8 32. f4 Rd1 33. Ra2 R8d7 34.
Ra6 Nb8 35. Ra5 a6 36. gxh5 R1d3 37. Bc1 Bh6 38. Rf2 Ng7 39. hxg6+ Kxg6 40. Ng4
Kh7 41. Nxh6 Kxh6 42. f5+ Kh7 43. f6 exf6 44. Rxf6 R3d6 45. Rf3 Rg6+ 46. Kf2
Nc6 47. Rxa6 Ne5 48. Rxg6 fxg6 49. Rf8 Nd3+ 50. Kf3 Nxc1 51. Rc8 Nb3 52. Rb8
Nc5 53. b4 Rd3+ 54. Ke2 Rxc3 55. bxc5 Rxc5 56. Rb7 Kh6 57. Rb8 Ne6 58. Kf3 Kg7
59. Rb7+ Kf6 60. Rd7 Rc3+ 61. Kg4 Re3 62. h5 gxh5+ 63. Kxh5 Rxe4 64. Ra7 Ng7+
65. Rxg7 Kxg7 66. Kg5 Re5+ 67. Kf4 Kf6 68. Kg4 Rf5 69. Kg3 Kg5 0-1

[Event "2ème Open International de Haute-Bretag"]
[Site "Rennes"]
[Date "2009.??.??"]
[Round "6.41"]
[White "Lezot, Pierre"]
[Black "Bauer, Erich"]
[Result "1/2-1/2"]
[WhiteElo "1744"]
[BlackElo "1499"]
[PlyCount "41"]
[EventDate "2009.08.21"]
[EventType "swiss"]
[EventRounds "9"]
[EventCountry "FRA"]

1. Nf3 d5 2. d4 Nf6 3. g3 h6 4. Bg2 e6 5. O-O c5 6. c3 Nc6 7. e3 Be7 8. Nbd2
O-O 9. Re1 Qc7 10. Qc2 e5 11. dxe5 Nxe5 12. Nxe5 Qxe5 13. Nf3 Bf5 14. e4 Bxe4
15. Nxe5 Bxc2 16. Nd7 Rfe8 17. Nxf6+ Bxf6 18. Bd2 Be4 19. Bxe4 dxe4 20. Be3 b6
21. Rad1 1/2-1/2

[Event "2ème Open International de Haute-Bretag"]
[Site "Rennes"]
[Date "2009.??.??"]
[Round "6.37"]
[White "Duquesnoy, Bruno"]
[Black "Madeline, Nicolas"]
[Result "1/2-1/2"]
[WhiteElo "1900"]
[BlackElo "1653"]
[PlyCount "56"]
[EventDate "2009.08.21"]
[EventType "swiss"]
[EventRounds "9"]
[EventCountry "FRA"]

1. e4 e5 2. Nf3 Nc6 3. Bb5 a6 4. Ba4 Nf6 5. O-O b5 6. Bb3 Bc5 7. d3 d5 8. exd5
Nxd5 9. Re1 O-O 10. Nxe5 Nxe5 11. d4 Qh4 12. g3 Qxd4 13. Qxd4 Nf3+ 14. Kh1 Nxd4
15. Bxd5 Nxc2 16. Bxa8 Nxe1 17. Nc3 Nc2 18. Rb1 Bxf2 19. Kg2 Bh3+ 20. Kxf2 Rxa8
21. Bf4 c6 22. Rd1 h6 23. Rd2 Nb4 24. a3 Nd5 25. Nxd5 cxd5 26. Rxd5 Rc8 27. Rd2
Bf5 28. Ke3 Re8+ 1/2-1/2

[Event "2ème Open International de Haute-Bretag"]
[Site "Rennes"]
[Date "2009.??.??"]
[Round "6.43"]
[White "Delpit, Wilfried"]
[Black "Francois, Yann"]
[Result "1-0"]
[WhiteElo "1664"]
[BlackElo "1580"]
[PlyCount "103"]
[EventDate "2009.08.21"]
[EventType "swiss"]
[EventRounds "9"]
[EventCountry "FRA"]

1. c4 g6 2. g3 Bg7 3. Bg2 Nf6 4. d4 d6 5. Nf3 O-O 6. O-O c6 7. Nc3 Bg4 8. e3 e5
9. dxe5 dxe5 10. Qxd8 Rxd8 11. Nxe5 Be6 12. Rd1 Rxd1+ 13. Nxd1 Nbd7 14. Nxd7
Nxd7 15. Bd2 Rd8 16. Bc3 Bxc4 17. Bxg7 Kxg7 18. Nc3 Ne5 19. b3 Be6 20. Rd1
Rxd1+ 21. Nxd1 b6 22. f4 Nd3 23. Nc3 c5 24. Bf1 Nb4 25. Kf2 a5 26. Bb5 Bc8 27.
Ke2 Ba6 28. Bxa6 Nxa6 29. Kd3 Nb4+ 30. Kc4 Nc2 31. e4 Nd4 32. Nd5 Nc6 33. Nxb6
Nb4 34. a3 Nc2 35. a4 Ne3+ 36. Kxc5 Nf1 37. Nc4 Nxh2 38. Nxa5 Nf1 39. g4 Ne3
40. g5 f6 41. gxf6+ Kxf6 42. Nc4 Nxc4 43. Kxc4 h5 44. Kd3 g5 45. fxg5+ Kxg5 46.
Ke3 h4 47. Kf3 h3 48. Kg3 h2 49. Kxh2 Kf4 50. a5 Kxe4 51. a6 Kd5 52. a7 1-0

[Event "2ème Open International de Haute-Bretag"]
[Site "Rennes"]
[Date "2009.??.??"]
[Round "6.42"]
[White "Blanchard, Simon"]
[Black "Bacon, Bruno"]
[Result "1-0"]
[WhiteElo "1710"]
[BlackElo "1742"]
[PlyCount "109"]
[EventDate "2009.08.21"]
[EventType "swiss"]
[EventRounds "9"]
[EventCountry "FRA"]

1. d4 Nf6 2. c4 g6 3. Nc3 d5 4. cxd5 Nxd5 5. e4 Nxc3 6. bxc3 Bg7 7. Bc4 O-O 8.
Ne2 c5 9. Be3 cxd4 10. cxd4 Nc6 11. O-O Na5 12. Bb3 e6 13. Rc1 Bd7 14. Ba4 b5
15. Bb3 a6 16. d5 Nxb3 17. axb3 exd5 18. Qxd5 Be6 19. Qxd8 Rfxd8 20. b4 Bc4 21.
Rfe1 Rdc8 22. f3 Bf8 23. Rb1 a5 24. bxa5 Rxa5 25. Nd4 b4 26. Rec1 Ra3 27. Bf2
Bh6 28. Rc2 b3 29. Nxb3 Ba6 30. Rxc8+ Bxc8 31. Rd1 Be6 32. Nc5 Bc4 33. Bd4 Be2
34. Re1 Bc4 35. Nd7 Rd3 36. Nf6+ Kf8 37. Nxh7+ Ke7 38. Bf6+ Ke6 39. Bg5 Bg7 40.
e5 Bd5 41. Nf6 Bb3 42. Ng4 Bf8 43. Kf2 Bb4 44. Re4 Bc5+ 45. Kg3 Bd5 46. Rf4 Kd7
47. Nf6+ Ke6 48. Nxd5 Rxd5 49. Rf6+ Kxe5 50. Rxf7 Bd6 51. Bf4+ Ke6 52. Rg7 Rg5+
53. Kh4 Bxf4 54. g3 Bd6 55. Kxg5 1-0